Agricultural Economic Analysis / (Record no. 49822)

MARC details
000 -LEADER
fixed length control field 00513nam a22001937a 4500
003 - CONTROL NUMBER IDENTIFIER
control field OSt
008 - FIXED-LENGTH DATA ELEMENTS--GENERAL INFORMATION
fixed length control field 260119b |||||||| |||| 00| 0 eng d
082 ## - DEWEY DECIMAL CLASSIFICATION NUMBER
Classification number 338.1
Item number B62A
100 ## - MAIN ENTRY--PERSONAL NAME
Personal name Bishop, C. E.
245 ## - TITLE STATEMENT
Title Agricultural Economic Analysis /
Statement of responsibility, etc. by C. E. Bishop and W. D. Toussaint
260 ## - PUBLICATION, DISTRIBUTION, ETC. (IMPRINT)
Place of publication, distribution, etc .- New York
Name of publisher, distributor, etc : John Wiley
Date of publication, distribution, etc , 1958
300 ## - PHYSICAL DESCRIPTION
Extent xiv,258p.
650 ## - SUBJECT ADDED ENTRY--TOPICAL TERM
Topical term or geographic name as entry element Social Sciences
650 ## - SUBJECT ADDED ENTRY--TOPICAL TERM
Topical term or geographic name as entry element Economics
650 ## - SUBJECT ADDED ENTRY--TOPICAL TERM
Topical term or geographic name as entry element Agriculture
650 ## - SUBJECT ADDED ENTRY--TOPICAL TERM
Topical term or geographic name as entry element Analysis
700 ## - ADDED ENTRY--PERSONAL NAME
Personal name Toussaint, W. D.
942 ## - ADDED ENTRY ELEMENTS (KOHA)
Source of classification or shelving scheme
Koha item type Donated Books
Holdings
Withdrawn status Lost status Source of classification or shelving scheme Damaged status Not for loan Home library Current library Date acquired Source of acquisition Total Checkouts Full call number Barcode Date last seen Bill Date Koha item type Bill Number
          Dr. Rajendra Prasad Central Agricultural University Pusa, Dr. Rajendra Prasad Central Agricultural University Pusa, 19/01/2026 Donated   338.1 B62A 86675 19/01/2026 19/01/2026 Donated Books Gift
Hosted, Implemented, Customized & Maintained by: BestBookBuddies

Powered by Koha